Entry Corporate Name
Number of records used in: 1
001 - CONTROL NUMBER
003 - CONTROL NUMBER IDENTIFIER
005 - DATE AND TIME OF LATEST TRANSACTION
- control field:
20200619131228.0
008 - FIXED-LENGTH DATA ELEMENTS
- fixed length control field:
200619|| aca||aabn | a|a d
040 ## - CATALOGING SOURCE
- Original cataloging agency:
OSt
- Transcribing agency:
OSt
110 ## - HEADING--CORPORATE NAME
- Corporate name or jurisdiction name as entry element:
ALL INDIA REPORTER
670 ## - SOURCE DATA FOUND
- Source citation:
Work cat.: (OSt): ALL INDIA REPORTER, LABOUR AND INDUSTRIAL CASES [1982] P-I V-25, 1992